000 00273nam a22001217a 4500
008 180205b xxu||||| |||| 00| 0 eng d
041 _aeng
080 _a574
100 _a9
101 _amje
245 _athe logic of strategies planning
_cjohn.h.g
942 _2udc
_cBK
999 _c41776
_d41776